Φορτώνει......

Word Power Made Easy: Complete Handbook for Building A Superior Vocabulary

Λεπτομέρειες βιβλιογραφικής εγγραφής
Κύριος συγγραφέας: Norman Lewis
Μορφή: Printed Book
Γλώσσα:Undetermined
Έκδοση: New York 1978
Pocket books
Θέματα:
LEADER 00718nam a2200241Ia 4500
008 141122s9999 xx 000 0 und d
020 |a 9780671741907 
040 |c . 
041 |a English 
082 |a 415 
082 |b LEW/WO 
100 |a Norman Lewis 
245 |a Word Power Made Easy: Complete Handbook for Building A Superior Vocabulary 
245 |c Norman Lewis 
260 |b New York 
260 |b Pocket books 
260 |c 1978 
300 |a 528 Pages 
365 |a 150/-  
650 |a Word Power 
942 |c BK 
999 |c 5554  |d 5554 
952 |0 0  |1 0  |4 0  |6 415_000000000000000_LEWWO  |7 0  |9 5512  |a COVAS  |b COVAS  |d 0000-00-00  |g 150.00  |l 10  |m 7  |o 415 LEW/WO  |p 21344  |r 2019-01-09  |s 2018-12-20  |w 2014-11-26  |y BK